مكتبة جامعة عجلون الوطنية

فهرس بحث المكتبة

دوافع السلوك الانساني بين الاسلام ومدارس علم النفس / (Record no. 33962)

MARC details
000 -LEADER
fixed length control field 00764nam a22002057a 4500
003 - CONTROL NUMBER IDENTIFIER
control field JO-AjAnu
005 - DATE AND TIME OF LATEST TRANSACTION
control field 20250723112658.0
008 - FIXED-LENGTH DATA ELEMENTS--GENERAL INFORMATION
fixed length control field 250723b jo ||||| |||| 00| 0 ara d
022 ## - INTERNATIONAL STANDARD SERIAL NUMBER
Source 9789957550417
040 ## - CATALOGING SOURCE
Original cataloging agency JO-AjAnu
Language of cataloging ara
Transcribing agency JO-AjAnu
Modifying agency JO-AjAnu
Description conventions rda
041 ## - LANGUAGE CODE
Language code of text/sound track or separate title ara
Language code of original ara
050 ## - LIBRARY OF CONGRESS CALL NUMBER
Classification number BF199.M86
Item number 2013
100 #1 - MAIN ENTRY--PERSONAL NAME
Personal name المومني، محمد علي
Relator term مؤلف
9 (RLIN) 66623
245 #0 - TITLE STATEMENT
Title دوافع السلوك الانساني بين الاسلام ومدارس علم النفس /
Statement of responsibility, etc. تأليف محمد علي المومني
260 ## - PUBLICATION, DISTRIBUTION, ETC.
Place of publication, distribution, etc. عمان :
Name of publisher, distributor, etc. دار الكتاب الثقافي،
Date of publication, distribution, etc. 2013
300 ## - PHYSICAL DESCRIPTION
Extent 282 صفحة
504 ## - BIBLIOGRAPHY, ETC. NOTE
Bibliography, etc. note يحتوي على فهرس
650 70 - SUBJECT ADDED ENTRY--TOPICAL TERM
Topical term or geographic name entry element السلوك-علم النفس-الاسلام
9 (RLIN) 66624
942 ## - ADDED ENTRY ELEMENTS (KOHA)
Source of classification or shelving scheme Library of Congress Classification
Koha item type Books
Suppress in OPAC No
Holdings
Withdrawn status Lost status Source of classification or shelving scheme Damaged status Not for loan Home library Current library Date acquired Total Checkouts Full call number Barcode Date last seen Price effective from Koha item type
    Library of Congress Classification     مكتبة جامعة عجلون الوطنية مكتبة جامعة عجلون الوطنية 23/07/2025   BF199.M86 2013 a30249 23/07/2025 23/07/2025 Books